Matt Dallas Filmography - Statistics

General Stats
  • This quiz has been taken 1 time
  • The average score is 2 of 41
Answer Stats
Type Year Name % Correct
Short Film 2013 Dig
100%
TV Show 2005 Entourage
100%
Short Film 2013 1%ERS
0%
Film 2019 A Daughter's Plan to Kill
0%
Film 2017 Alaska Is a Drag
0%
Film 2018 Along Came the Devil
0%
Web Series 2015 Anne & Jake
0%
Film 2010 As Good as Dead
0%
TV Show 2013-2014 Baby Daddy
0%
Film 2008 Babysitter Wanted
0%
TV Film 2010 Beauty & the Briefcase
0%
Short Film 2019 Bedfellows
0%
Film 2005 Camp Slaughter
0%
TV Show 2009 Eastwick
0%
TV Film 2023 Every Breath She Takes
0%
Music Video 2004 Geek Love
0%
Film 2014 Ghost of Goodnight Lane
0%
Music Video 2005 Goodbye My Lover
0%
Short Film 2020 Half Husband
0%
Short Film 2011 Hot Dudes with Kittens
0%
Short Film 2010 In Between Days
0%
Film 2013 Isolated
0%
TV Show 2005 Kathy Griffin: My Life on the D-List
0%
TV Show 2006-2009 Kyle XY
0%
Film 2013 Life Tracker
0%
Film 2006 Living the Dream
0%
Film TBA Marbles
0%
TV Film 2011 Naughty or Nice
0%
Film 2017 Painted Woman
0%
Film TBA Sheepdog
0%
Film 2023 Shoulder Dance
0%
Short Film 2006 Shugar Shank
0%
Film 2007 The Indian
0%
Music Video 2008 Thinking of You
0%
Film TBA Wake
0%
Film 2005 Wannabe
0%
Film 2005 Way of the Vampire
0%
Film 2016 Where Are You, Bobby Browning?
0%
TV Show 2016 Worst Cooks in America
0%
Film 2012 Wyatt Earp's Revenge
0%
Film 2012 You, Me & the Circus
0%
No matching quizzes found
Score Distribution
Percent of People with Each Score
Percentile by Number Answered
Your Score History
You have not taken this quiz